Formula One Constructors Starting With A - Statistics

General Stats
  • This quiz has been taken 33 times
  • The average score is 7 of 16
Answer Stats
Seasons Races Constructor % Correct
2021– 114 Alpine
96%
1959–1960, 2021– 120 Aston Martin
96%
2026- 0 Audi
92%
2020-2023 61 Alpha Tauri
88%
1950–1951, 1979–1985, 2019–2023 238 Alfa Romeo
79%
1978–2002 393 Arrows
71%
1986–1991 80 AGS (Automobiles Gonfaronnaises Sportives)
38%
1963 5 ATS (Automobili Turismo e Sport)
38%
1977–1984 107 ATS (Auto Technisches Spezialzubehör)
38%
1992 9 Andrea Moda
29%
1950–1952 5 Alta
17%
1974 4 Amon
17%
1952–1953 4 AFM (Alex von Falkenhausen Motorenbau)
13%
1977 1 Apollon
13%
1955 1 Arzani–Volpini
13%
1953 4 Aston Butterworth
13%
No matching quizzes found
Score Distribution
Percent of People with Each Score
Percentile by Number Answered
Your Score History
You have not taken this quiz